<?xml version="1.0" encoding="UTF-8"?>
<record
    xmlns:xsi="http://www.w3.org/2001/XMLSchema-instance"
    xsi:schemaLocation="http://www.loc.gov/MARC21/slim http://www.loc.gov/standards/marcxml/schema/MARC21slim.xsd"
    xmlns="http://www.loc.gov/MARC21/slim">

  <leader>00917cam a2200253 a 4500</leader>
  <controlfield tag="001">83575</controlfield>
  <controlfield tag="003">BD-RjUL</controlfield>
  <controlfield tag="005">20240424132759.0</controlfield>
  <controlfield tag="008">930212s1992    ii            000 0 urdo </controlfield>
  <datafield tag="020" ind1=" " ind2=" ">
    <subfield code="c">Rs90.00</subfield>
  </datafield>
  <datafield tag="035" ind1=" " ind2=" ">
    <subfield code="a">(BD-RjUL)83575</subfield>
  </datafield>
  <datafield tag="040" ind1=" " ind2=" ">
    <subfield code="a">DLC</subfield>
    <subfield code="c">DLC</subfield>
    <subfield code="d">DLC</subfield>
    <subfield code="b">eng</subfield>
  </datafield>
  <datafield tag="041" ind1=" " ind2=" ">
    <subfield code="a">urd</subfield>
  </datafield>
  <datafield tag="082" ind1=" " ind2=" ">
    <subfield code="2">23</subfield>
    <subfield code="a">891.55092</subfield>
    <subfield code="b">JAC 1992</subfield>
  </datafield>
  <datafield tag="100" ind1="1" ind2=" ">
    <subfield code="a">&#x62C;&#x627;&#x626;&#x633;&#x649;&#x60C; &#x6A9;&#x628;&#x649;&#x631; &#x627;&#x62D;&#x645;&#x62F;&#x60C;;;, Kab&#x12B;r A&#x1E25;mad,</subfield>
    <subfield code="d">1934-2013.</subfield>
    <subfield code="9">12698</subfield>
  </datafield>
  <datafield tag="245" ind1="1" ind2="0">
    <subfield code="a">Chand &#x12A;r&#x101;n shan&#x101;s /</subfield>
    <subfield code="c">&#x6A9;&#x628;&#x649;&#x631; &#x627;&#x62D;&#x645;&#x62F; &#x62C;&#x627;&#x626;&#x633;&#x649;., ;; Kabir A&#x1E25;mad J&#x101;&#x2BC;is&#x12B;.</subfield>
  </datafield>
  <datafield tag="260" ind1=" " ind2=" ">
    <subfield code="a">&#x2BB;Al&#x12B;ga&#x1E5B;h :</subfield>
    <subfield code="b">&#x627;&#x62F;&#x627;&#x631;&#x6C2; &#x639;&#x644;&#x648;&#x645; &#x627;&#x633;&#x644;&#x627;&#x645;&#x649;&#x647;&#x60C; &#x627;&#x6D2;. &#x627;&#x649;&#x645;. &#x649;&#x648;.&#x60C;;;  &#x2BB;Ul&#x16B;m-i Isl&#x101;miyah, Ae. Em. Y&#x16B;.,</subfield>
    <subfield code="c">1992.</subfield>
  </datafield>
  <datafield tag="300" ind1=" " ind2=" ">
    <subfield code="a">200 p. ;</subfield>
    <subfield code="c">22 cm.</subfield>
  </datafield>
  <datafield tag="500" ind1=" " ind2=" ">
    <subfield code="a">In Urdu.</subfield>
  </datafield>
  <datafield tag="520" ind1=" " ind2=" ">
    <subfield code="a">Life and works of some Persian authors.</subfield>
  </datafield>
  <datafield tag="650" ind1=" " ind2="0">
    <subfield code="a">Persian literature</subfield>
    <subfield code="x">History and criticism.</subfield>
    <subfield code="9">9865</subfield>
  </datafield>
  <datafield tag="650" ind1=" " ind2="0">
    <subfield code="a">Authors, Persian</subfield>
    <subfield code="y">20th century</subfield>
    <subfield code="x">Biography.</subfield>
    <subfield code="9">12699</subfield>
  </datafield>
  <datafield tag="942" ind1=" " ind2=" ">
    <subfield code="2">ddc</subfield>
    <subfield code="c">BK</subfield>
  </datafield>
  <datafield tag="999" ind1=" " ind2=" ">
    <subfield code="c">83575</subfield>
    <subfield code="d">83575</subfield>
  </datafield>
  <datafield tag="952" ind1=" " ind2=" ">
    <subfield code="0">0</subfield>
    <subfield code="1">0</subfield>
    <subfield code="2">ddc</subfield>
    <subfield code="4">0</subfield>
    <subfield code="7">1</subfield>
    <subfield code="8">NFIC</subfield>
    <subfield code="a">RUCL</subfield>
    <subfield code="b">RUCL</subfield>
    <subfield code="c">Reading</subfield>
    <subfield code="d">1995-08-22</subfield>
    <subfield code="e">Unstutite of Islamic Studied Ali garh</subfield>
    <subfield code="l">0</subfield>
    <subfield code="o">U 891.55092 JAC 1992</subfield>
    <subfield code="r">2024-04-24 00:00:00</subfield>
    <subfield code="t">C-1</subfield>
    <subfield code="w">2024-04-24</subfield>
    <subfield code="y">BK</subfield>
  </datafield>
</record>
